Statistiques concernant Personnalités dont le nom commence par la lettre T (par images)

Cliquez ici pour prendre le quiz!

Statistiques générales

  • Ce quiz a été pris 357 fois
  • Le résultat moyen est 10 sur 16

Statistiques - réponses

Réponse% Correct
Donald Trump
100%
Bernard Tapie
82%
Jo-Wilfried Tsonga
78%
Mike Tyson
76%
Christiane Taubira
74%
Justin Timberlake
72%
Lilian Thuram
69%
David Trezeguet
64%
Tina Turner
64%
Sylvie Tellier
62%
Quentin Tarantino
58%
Patrick Timsit
56%
Audrey Tautou
46%
John Travolta
41%
Charlize Theron
25%
Emma Thompson
17%

Distribution des résultats

Percentile par nombre de réponses

% des personnes avec chaque résultat

Votre développement - résultats

Vous n’avez pas pris ce quiz